000 00448nam a22001217a 4500
082 _aTHE 200
100 _aWAQAS SIDDIQUE
_972809
245 _aTH-SOF-0766-ROOT CAUSE ANALYSIS OF PROJECT FAILURE AND DEVELOPMENT OF A MODEL TO DETERMINE CRITICAL SUCCESS FACTORS IN PUBLIC SECTOR ORGANIZATIONS OF PAKISTAN.
260 _aNUST COLLEGE OF EME
_bISLAMABAD
_c2001
650 _a MS-EM-5 MSTHESIS
_972537
700 _aDR ATHAR MASOOD
_934805
942 _cCF
999 _c578788
_d578788